[Event "Quebec op U2000"]
[Site "Montreal CAN"]
[Date "2006.07.14"]
[Round "8"]
[White "Goldner, John"]
[Black "Menard, Dominic"]
[Result "1/2-1/2"]
[WhiteElo "1758"]
[BlackElo "1926"]
[PlyCount "67"]
[EventDate "2006.07.07"]
[EventType "swiss"]
[EventRounds "9"]
[EventCountry "CAN"]

1. e4 c5 2. Nf3 Nc6 3. d4 cxd4 4. Nxd4 Nf6 5. Nc3 e5 6. Ndb5 d6 7. Bg5 a6 8.
Na3 b5 9. Nd5 Be7 10. Bxf6 Bxf6 11. c3 O-O 12. Nc2 Bg5 13. a4 bxa4 14. Rxa4 a5
15. Bc4 Rb8 16. b3 Kh8 17. h4 Bh6 18. g4 Bf4 19. Nce3 Bxe3 20. Nxe3 Be6 21. g5
Qd7 22. Ra2 Qb7 23. Nd5 f5 24. gxf6 gxf6 25. Rg1 Rg8 26. Rxg8+ Rxg8 27. Qf3 f5
28. exf5 Rf8 29. f6 Qf7 30. h5 e4 31. Qxe4 Re8 32. Kd2 Qxh5 33. Qg2 Rg8 34. Qe4
1/2-1/2

[Event "Quebec op U2000"]
[Site "Montreal CAN"]
[Date "2006.07.14"]
[Round "8"]
[White "Kenani, Dariush"]
[Black "Plante, Michel"]
[Result "0-1"]
[WhiteElo "1970"]
[BlackElo "1968"]
[PlyCount "115"]
[EventDate "2006.07.07"]
[EventType "swiss"]
[EventRounds "9"]
[EventCountry "CAN"]

1. e4 d6 2. d4 Nf6 3. Nc3 g6 4. f3 c6 5. Be3 Qb6 6. Qd2 Qxb2 7. Rb1 Qa3 8. Bd3
Qa5 9. Nge2 Nbd7 10. O-O Bg7 11. Kh1 e5 12. d5 Qc7 13. f4 exf4 14. Bxf4 O-O 15.
Bg5 Ng4 16. h3 Nge5 17. Bh6 Nc5 18. Bxg7 Kxg7 19. Nd4 Ncxd3 20. cxd3 c5 21.
Nde2 b6 22. Nf4 Ba6 23. Nce2 Rac8 24. Ng3 Kh8 25. Rf2 c4 26. Rbf1 Qe7 27. d4 c3
28. Qc1 Bxf1 29. Rxf1 Nd7 30. Kh2 Rc7 31. Nd3 Nf6 32. Qh6 Ng8 33. Qf4 Rc4 34.
e5 dxe5 35. Nxe5 Rcc8 36. Ne4 c2 37. d6 Qb7 38. d7 Rcd8 39. Nd6 Qd5 40. Nexf7+
Kg7 41. Ne8+ Rdxe8 42. dxe8=N+ Rxe8 43. Ng5 Re7 44. Qf8+ Kh8 45. Nf7+ Rxf7 46.
Rxf7 Qxf7 47. Qxf7 c1=Q 48. d5 Qc5 49. g4 Qc2+ 50. Kg3 Qd3+ 51. Qf3 Qxf3+ 52.
Kxf3 Kg7 53. Kf4 Kf6 54. g5+ Ke7 55. Ke5 Kd7 56. d6 b5 57. Kd5 a5 58. Kc5 0-1

[Event "Quebec op U2000"]
[Site "Montreal CAN"]
[Date "2006.07.15"]
[Round "9"]
[White "Blais, Richard"]
[Black "Goldner, John"]
[Result "1-0"]
[WhiteElo "1937"]
[BlackElo "1758"]
[PlyCount "87"]
[EventDate "2006.07.07"]
[EventType "swiss"]
[EventRounds "9"]
[EventCountry "CAN"]

1. e4 e5 2. Bc4 Nf6 3. Nf3 Nc6 4. Ng5 d5 5. exd5 Na5 6. Bb5+ c6 7. dxc6 bxc6 8.
Qf3 Bd7 9. Bd3 Bd6 10. Nc3 Bg4 11. Qe3 O-O 12. O-O Nd5 13. Qg3 Qxg5 14. Ne4 Qh5
15. Nxd6 Nf4 16. f3 Be6 17. Ne4 f5 18. Nc5 Bc4 19. Bxc4+ Nxc4 20. Re1 Rf6 21.
Nd3 Nxd3 22. cxd3 f4 23. Qg4 Qxg4 24. fxg4 Nb6 25. Rxe5 Rd8 26. b3 Rxd3 27. Ba3
Kf7 28. Re7+ Kg6 29. Rxa7 Rxd2 30. Bc5 Nd5 31. Rd7 Re6 32. Rd6 Rxd6 33. Bxd6
Kg5 34. Bc5 Kxg4 35. a4 Ne3 36. Bxe3 fxe3 37. Kf1 Kf4 38. a5 Rb2 39. a6 Rf2+
40. Kg1 Rd2 41. a7 e2 42. Kf2 Rd1 43. Ra4+ Ke5 44. Kxe2 1-0

[Event "Quebec op U2000"]
[Site "Montreal CAN"]
[Date "2006.07.15"]
[Round "9"]
[White "Menard, Dominic"]
[Black "Deschamps, Richard"]
[Result "1-0"]
[WhiteElo "1926"]
[BlackElo "1982"]
[PlyCount "83"]
[EventDate "2006.07.07"]
[EventType "swiss"]
[EventRounds "9"]
[EventCountry "CAN"]

1. d4 Nf6 2. c4 c5 3. d5 b5 4. Nd2 bxc4 5. e4 Qa5 6. Qf3 d6 7. Bxc4 Nbd7 8. Qc3
Qc7 9. Ngf3 g6 10. b3 Bg7 11. Bb2 O-O 12. O-O Nh5 13. Qc2 Ndf6 14. Rfe1 Nf4 15.
Nf1 Qd7 16. Ne3 Bh6 17. e5 N6h5 18. e6 fxe6 19. dxe6 Qc6 20. Ng4 Bg7 21. Bxg7
Kxg7 22. Qc3+ Nf6 23. Rad1 Bb7 24. Re3 h5 25. Nxf6 Rxf6 26. a4 a6 27. Bf1 Raf8
28. Qb2 Kh6 29. Qd2 g5 30. h4 g4 31. Ne1 d5 32. Re5 Qd6 33. Nd3 d4 34. Rxc5 Kh7
35. Rg5 Nh3+ 36. gxh3 Rf5 37. hxg4 Qd5 38. f3 Qxf3 39. Bg2 Qg3 40. Rxf5 Qxg4
41. Rxf8 Bxg2 42. Rf7+ 1-0

[Event "Quebec op U2000"]
[Site "Montreal CAN"]
[Date "2006.07.15"]
[Round "9"]
[White "Rozybakiyev, Ilchin"]
[Black "Panayotov, Ivo"]
[Result "0-1"]
[WhiteElo "1545"]
[BlackElo "1971"]
[PlyCount "110"]
[EventDate "2006.07.07"]
[EventType "swiss"]
[EventRounds "9"]
[EventCountry "CAN"]

1. e4 c5 2. Nf3 d6 3. d4 cxd4 4. Nxd4 Nf6 5. Nc3 a6 6. Be2 b5 7. a3 Bb7 8. f3
e5 9. Nf5 d5 10. exd5 Nxd5 11. Nxd5 Bxd5 12. Ne3 Be6 13. Qxd8+ Kxd8 14. Bd2 Nc6
15. Rd1 Kc7 16. O-O Bc5 17. b4 Bb6 18. Kh1 Rhd8 19. Bd3 g6 20. g4 f6 21. Rfe1
Rd4 22. Bc3 Rf4 23. Be4 Bxe3 24. Rxe3 Bc4 25. Kg2 Re8 26. h3 Nd8 27. Kg3 Nf7
28. Ree1 f5 29. Bd5 Bxd5 30. Rxd5 Rc4 31. Rc5+ Rxc5 32. bxc5 f4+ 33. Kf2 Kc6
34. Bb4 Rd8 35. Re2 Rd4 36. h4 Kd5 37. Re4 Nd8 38. Re2 Nc6 39. Bc3 Rd1 40. Kg2
a5 41. Re4 Rb1 42. h5 b4 43. axb4 axb4 44. Be1 Kxc5 45. Bf2+ Kd5 46. hxg6 hxg6
47. Re2 Rd1 48. Be1 Nd4 49. Re4 Rxe1 50. Rxe1 Nxc2 51. Rb1 Kc4 52. Kf2 Kc3 53.
Ke2 b3 54. Rxb3+ Kxb3 55. Kd3 Ne1+ 0-1

[Event "Quebec-ch"]
[Site "Montreal CAN"]
[Date "2006.09.08"]
[Round "1"]
[White "McDonough, Jonathan"]
[Black "Masse, Hugues"]
[Result "1/2-1/2"]
[WhiteElo "2218"]
[BlackElo "2176"]
[PlyCount "88"]
[EventDate "2006.09.08"]
[EventType "tourn"]
[EventRounds "9"]
[EventCountry "CAN"]

1. d4 Nf6 2. c4 g6 3. Nc3 d5 4. cxd5 Nxd5 5. e4 Nxc3 6. bxc3 Bg7 7. Nf3 c5 8.
Rb1 O-O 9. Be2 Nc6 10. d5 Ne5 11. Nxe5 Bxe5 12. Qd2 e6 13. f4 Bc7 14. Bc4 a6
15. a4 Qe8 16. Qa2 Rb8 17. a5 exd5 18. Bxd5 Bf5 19. Qe2 Be6 20. Bxe6 Qxe6 21.
O-O Rfe8 22. e5 Bxa5 23. f5 Qxe5 24. Qa2 Bc7 25. Bf4 Qe7 26. Rbe1 Qxe1 27. Rxe1
Rxe1+ 28. Kf2 Re7 29. f6 Rd7 30. Qa4 b5 31. Qe4 Bxf4 32. Qxf4 Rb6 33. g4 h6 34.
h4 Rbd6 35. Qe5 Rd8 36. g5 Rd5 37. Qe7 h5 38. Kg3 Rd3+ 39. Kf2 Rd2+ 40. Kg3
R2d3+ 41. Kf4 b4 42. Qxc5 bxc3 43. Qc6 a5 44. Qe8+ Rxe8 1/2-1/2

[Event "Quebec-ch"]
[Site "Montreal CAN"]
[Date "2006.09.08"]
[Round "1"]
[White "Ye, Ling Feng"]
[Black "Khassanov, Marat"]
[Result "1/2-1/2"]
[WhiteElo "2103"]
[BlackElo "2312"]
[PlyCount "49"]
[EventDate "2006.09.08"]
[EventType "tourn"]
[EventRounds "9"]
[EventCountry "CAN"]

1. e4 e6 2. d4 d5 3. Nd2 Nf6 4. e5 Nfd7 5. Bd3 c5 6. c3 Nc6 7. Ne2 cxd4 8. cxd4
f6 9. exf6 Qxf6 10. Nf3 h6 11. O-O Bd6 12. Be3 O-O 13. Ng3 Rd8 14. Rc1 Nf8 15.
a3 Bd7 16. b4 a6 17. Ne2 Be8 18. Nc3 Bg6 19. Na4 Bxd3 20. Qxd3 Rac8 21. Nc5 Rc7
22. Nxb7 Nxb4 23. axb4 Rxb7 24. Qxa6 Rxb4 25. Rc6 1/2-1/2

[Event "Quebec-ch"]
[Site "Montreal CAN"]
[Date "2006.09.09"]
[Round "2"]
[White "Masse, Hugues"]
[Black "Chabot, Roland"]
[Result "1/2-1/2"]
[WhiteElo "2176"]
[BlackElo "2316"]
[PlyCount "62"]
[EventDate "2006.09.08"]
[EventType "tourn"]
[EventRounds "9"]
[EventCountry "CAN"]

1. d4 f5 2. g3 Nf6 3. Bg2 g6 4. c4 d6 5. Nf3 Bg7 6. O-O O-O 7. Nc3 Qe8 8. d5 a5
9. Nd4 Na6 10. Bg5 Bd7 11. Qd2 Nc5 12. Bh6 Bxh6 13. Qxh6 Qf7 14. Qd2 Nce4 15.
Nxe4 Nxe4 16. Qc2 c5 17. dxc6 bxc6 18. f3 Nc5 19. f4 Ra6 20. b3 e5 21. Nf3 e4
22. Nd4 Rb8 23. Qd2 Rbb6 24. Rac1 Nb7 25. Qc3 Qg7 26. e3 Nc5 27. Rfd1 Nb7 28.
Bf1 Ra8 29. Rd2 c5 30. Nb5 Qxc3 31. Nxc3 Bc6 1/2-1/2

[Event "Quebec-ch"]
[Site "Montreal CAN"]
[Date "2006.09.09"]
[Round "2"]
[White "Voskanyan, Vahagn"]
[Black "Khassanov, Marat"]
[Result "1/2-1/2"]
[WhiteElo "2332"]
[BlackElo "2312"]
[PlyCount "112"]
[EventDate "2006.09.08"]
[EventType "tourn"]
[EventRounds "9"]
[EventCountry "CAN"]

1. c4 e5 2. Nc3 d6 3. d4 Nd7 4. Nf3 g6 5. e4 Ngf6 6. Be2 Bg7 7. dxe5 dxe5 8. h3
O-O 9. Be3 Re8 10. Qd2 c6 11. Rd1 Qe7 12. O-O Nc5 13. Qc2 a5 14. a3 Nh5 15. Na4
Nxa4 16. Qxa4 Nf4 17. Rfe1 Nxe2+ 18. Rxe2 b5 19. Qc2 Be6 20. Red2 a4 21. Qc3 f6
22. cxb5 cxb5 23. Bc5 Qb7 24. Qb4 Rac8 25. Rd3 Bh6 26. Be3 Bf8 27. Qa5 Qxe4 28.
Rd8 Qb7 29. Rxc8 Rxc8 30. Rd8 Rxd8 31. Qxd8 Kf7 32. Bd2 Qd7 33. Qb6 Bd5 34. Bb4
Bxb4 35. axb4 Bxf3 36. gxf3 g5 37. Kg2 Kg6 38. Qb8 Kg7 39. Qb6 Kf7 40. Qb8 Ke6
41. Qf8 h5 42. Qg8+ Kf5 43. Qa8 h4 44. Qe4+ Ke6 45. Qa8 Kf7 46. Qe4 Kg7 47. Qa8
Qe7 48. Qe4 Qe8 49. Qd5 Kg6 50. Qb7 Kh6 51. Qd5 Kg6 52. Qb7 f5 53. Qb6+ Kg7 54.
Qb7+ Kf6 55. Qb6+ Kf7 56. Qb7+ Kg6 1/2-1/2

[Event "Quebec-ch"]
[Site "Montreal CAN"]
[Date "2006.09.10"]
[Round "3"]
[White "Benoit-Deschamps, Jean-Marc"]
[Black "Voskanyan, Vahagn"]
[Result "1/2-1/2"]
[WhiteElo "2115"]
[BlackElo "2332"]
[PlyCount "123"]
[EventDate "2006.09.08"]
[EventType "tourn"]
[EventRounds "9"]
[EventCountry "CAN"]

1. d4 d5 2. c4 e6 3. Nc3 Nf6 4. cxd5 exd5 5. Bg5 Be7 6. e3 Nbd7 7. Qc2 Nf8 8.
Bd3 Ne6 9. Bh4 c6 10. Nf3 g6 11. O-O O-O 12. Rab1 Ng7 13. b4 a6 14. a4 Bf5 15.
Bxf5 Nxf5 16. Bxf6 Bxf6 17. b5 axb5 18. axb5 Nd6 19. bxc6 bxc6 20. Nd2 Ra6 21.
Rb2 Qa8 22. Rfb1 Rc8 23. Rb6 Kg7 24. Rxa6 Qxa6 25. Na4 Ra8 26. Nc5 Qe2 27. Qd3
Qxd3 28. Nxd3 Nc4 29. Nb3 Ra3 30. Nbc5 Be7 31. g3 Bd6 32. Rb7 Ra1+ 33. Kg2 Ra2
34. Kg1 Rd2 35. Ra7 Rc2 36. Ra6 Bxc5 37. Nxc5 Ne5 38. h3 h5 39. Ra7 Nf3+ 40.
Kg2 Ne1+ 41. Kf1 Nf3 42. Rc7 Kg8 43. Rxc6 Nd2+ 44. Kg1 Ne4 45. Rc8+ Kh7 46. Rc7
Kg8 47. Rc8+ Kh7 48. Rd8 Nxf2 49. Rxd5 Nxh3+ 50. Kf1 Rf2+ 51. Ke1 Rf3 52. Re5
Rxg3 53. d5 Rg5 54. Rxg5 Nxg5 55. d6 f5 56. d7 Nf7 57. Ne6 Kh6 58. Kf2 g5 59.
d8=Q Nxd8 60. Nxd8 Kg6 61. Nc6 Kf6 62. Kf3 1/2-1/2

[Event "Quebec-ch"]
[Site "Montreal CAN"]
[Date "2006.09.10"]
[Round "3"]
[White "Ye, Ling Feng"]
[Black "Masse, Hugues"]
[Result "1/2-1/2"]
[WhiteElo "2103"]
[BlackElo "2176"]
[PlyCount "96"]
[EventDate "2006.09.08"]
[EventType "tourn"]
[EventRounds "9"]
[EventCountry "CAN"]

1. e4 c5 2. Nf3 d6 3. d4 cxd4 4. Nxd4 Nf6 5. Nc3 a6 6. Be3 e5 7. Nb3 Be6 8. f4
exf4 9. Bxf4 Nc6 10. Qd2 Rc8 11. O-O-O Ne5 12. Bxe5 dxe5 13. Qxd8+ Rxd8 14.
Rxd8+ Kxd8 15. Bd3 Bb4 16. Na4 Nd7 17. a3 Be7 18. Rf1 Kc7 19. Nc3 Nb6 20. Kb1
Rd8 21. Nd2 f6 22. Nf3 Bf8 23. Nh4 Bf7 24. Nf5 h6 25. Ne3 Rd7 26. g4 Bc5 27.
Nf5 Be6 28. h3 Nc4 29. Rd1 Ne3 30. Nxe3 Bxe3 31. Rf1 Rd8 32. Rf3 Bg5 33. Ne2 h5
34. gxh5 Rh8 35. Ng3 Bxh3 36. Bc4 Bg4 37. Rc3 Kb8 38. Bf7 Rd8 39. Rd3 Kc7 40.
Bg6 Bh6 41. Nf5 Be2 42. Rxd8 Kxd8 43. b3 Kd7 44. c4 Bd3+ 45. Kb2 Ke6 46. Nxh6
gxh6 47. Kc3 Be2 48. b4 Kd6 1/2-1/2

[Event "Quebec-ch"]
[Site "Montreal CAN"]
[Date "2006.09.11"]
[Round "4"]
[White "Benoit-Deschamps, Jean-Marc"]
[Black "McDonough, Jonathan"]
[Result "0-1"]
[WhiteElo "2115"]
[BlackElo "2218"]
[PlyCount "56"]
[EventDate "2006.09.08"]
[EventType "tourn"]
[EventRounds "9"]
[EventCountry "CAN"]

1. d4 Nf6 2. c4 g6 3. g3 Bg7 4. Bg2 O-O 5. Nc3 d6 6. Nf3 Nc6 7. d5 Na5 8. Qd3
c5 9. O-O a6 10. Bg5 Rb8 11. Bxf6 Bxf6 12. Rab1 b5 13. Nd2 Nxc4 14. Nxc4 bxc4
15. Qxc4 Rb4 16. Qd3 Qb6 17. e4 c4 18. Qc2 Bd7 19. a3 Rb3 20. Nd1 Rb8 21. Re1
c3 22. Kh1 cxb2 23. f4 Rc8 24. Qd2 Qd4 25. Qa5 Qd3 26. Nxb2 Rxb2 27. Rxb2 Bxb2
28. e5 Bc3 0-1

[Event "Quebec-ch"]
[Site "Montreal CAN"]
[Date "2006.09.11"]
[Round "4"]
[White "Masse, Hugues"]
[Black "Khassanov, Marat"]
[Result "1-0"]
[WhiteElo "2176"]
[BlackElo "2312"]
[PlyCount "75"]
[EventDate "2006.09.08"]
[EventType "tourn"]
[EventRounds "9"]
[EventCountry "CAN"]

1. d4 d5 2. c4 c6 3. Nf3 e6 4. Nc3 dxc4 5. a4 Bb4 6. e3 b5 7. Bd2 a5 8. axb5
Bxc3 9. Bxc3 cxb5 10. b3 Bb7 11. bxc4 b4 12. Bb2 Nf6 13. Bd3 O-O 14. O-O Nbd7
15. Re1 Qc7 16. e4 e5 17. c5 Rfe8 18. Rc1 Ba6 19. c6 exd4 20. cxd7 Qxd7 21. e5
Nh5 22. Bxa6 Rxa6 23. g3 a4 24. Nxd4 g6 25. Qe2 Rb6 26. Qc4 Ng7 27. Red1 Qb7
28. Ba1 Ra8 29. Qc5 h5 30. e6 fxe6 31. Qe5 Ra7 32. Qf6 b3 33. Nf3 Ra8 34. Rd8+
Kh7 35. Ng5+ Kh6 36. Rxa8 e5 37. Nf7+ Kh7 38. Rh8# 1-0

[Event "Quebec-ch"]
[Site "Montreal CAN"]
[Date "2006.09.12"]
[Round "5"]
[White "Chabot, Roland"]
[Black "Benoit-Deschamps, Jean-Marc"]
[Result "1-0"]
[WhiteElo "2316"]
[BlackElo "2115"]
[PlyCount "41"]
[EventDate "2006.09.08"]
[EventType "tourn"]
[EventRounds "9"]
[EventCountry "CAN"]

1. d4 Nf6 2. c4 c5 3. d5 e6 4. Nc3 exd5 5. cxd5 d6 6. e4 g6 7. Bd3 Bg7 8. h3
O-O 9. Nf3 Nh5 10. Bg5 Bf6 11. Bh6 Re8 12. O-O Nd7 13. Be2 g5 14. e5 dxe5 15.
Ne4 Nf4 16. Nfxg5 Nf8 17. Bb5 Bd7 18. Bxd7 Nxd7 19. Qg4 Ng6 20. Qxd7 Bxg5 21.
Bxg5 1-0

[Event "Quebec-ch"]
[Site "Montreal CAN"]
[Date "2006.09.12"]
[Round "5"]
[White "McDonough, Jonathan"]
[Black "Voskanyan, Vahagn"]
[Result "0-1"]
[WhiteElo "2218"]
[BlackElo "2332"]
[PlyCount "102"]
[EventDate "2006.09.08"]
[EventType "tourn"]
[EventRounds "9"]
[EventCountry "CAN"]

1. d4 d5 2. c4 c6 3. cxd5 cxd5 4. Nf3 Nc6 5. Bf4 Nf6 6. e3 e6 7. Bd3 Be7 8. h3
a6 9. O-O O-O 10. Ne5 Nxe5 11. Bxe5 Bd7 12. Qb3 b5 13. Rc1 Ne8 14. Nc3 Nd6 15.
a4 b4 16. Nb1 a5 17. Nd2 Qb6 18. Qd1 Rac8 19. Qh5 f5 20. Rxc8 Rxc8 21. Qe2 Nf7
22. Bf4 Bd6 23. Nb3 e5 24. dxe5 Bxe5 25. Bxe5 Nxe5 26. Bb5 Be6 27. Nd4 g6 28.
Rd1 Bf7 29. Qe1 Qf6 30. Rc1 Rxc1 31. Qxc1 f4 32. b3 fxe3 33. Qxe3 g5 34. Bd3
Qf4 35. Qxf4 gxf4 36. Bf5 Kg7 37. Kf1 h6 38. Ke2 Kf6 39. Bc8 Bh5+ 40. Kd2 Bg6
41. Be6 Bf7 42. Bc8 Ke7 43. Bf5 Kd6 44. g4 Kc5 45. Ne6+ Bxe6 46. Bxe6 Nf3+ 47.
Kd3 Ng5 48. Bg8 Nxh3 49. Ke2 Ng1+ 50. Kd3 Nf3 51. Be6 Nd4 0-1

[Event "Quebec-ch"]
[Site "Montreal CAN"]
[Date "2006.09.14"]
[Round "6"]
[White "Benoit-Deschamps, Jean-Marc"]
[Black "Ye, Ling Feng"]
[Result "1/2-1/2"]
[WhiteElo "2115"]
[BlackElo "2103"]
[PlyCount "72"]
[EventDate "2006.09.08"]
[EventType "tourn"]
[EventRounds "9"]
[EventCountry "CAN"]

1. d4 Nf6 2. c4 g6 3. Nc3 d5 4. cxd5 Nxd5 5. e4 Nxc3 6. bxc3 Bg7 7. Nf3 c5 8.
Rb1 O-O 9. Be2 cxd4 10. cxd4 Qa5+ 11. Bd2 Qxa2 12. O-O Bg4 13. Bg5 h6 14. Be3
Nc6 15. d5 Ne5 16. Rxb7 Bxf3 17. Bxf3 e6 18. Qe2 Nxf3+ 19. Qxf3 exd5 20. exd5
Qa6 21. Rfb1 Qf6 22. Qxf6 Bxf6 23. Bxa7 Rfd8 24. Rd1 Rd6 25. Rb8+ Rxb8 26. Bxb8
Rd7 27. d6 Be5 28. g3 g5 29. Kg2 Kg7 30. Kf3 Kf6 31. Ke4 Ke6 32. f4 f5+ 33. Ke3
Bxd6 34. Rxd6+ Rxd6 35. Bxd6 Kxd6 36. Kd4 g4 1/2-1/2

[Event "Quebec-ch"]
[Site "Montreal CAN"]
[Date "2006.09.14"]
[Round "6"]
[White "McDonough, Jonathan"]
[Black "Chabot, Roland"]
[Result "1-0"]
[WhiteElo "2218"]
[BlackElo "2316"]
[PlyCount "93"]
[EventDate "2006.09.08"]
[EventType "tourn"]
[EventRounds "9"]
[EventCountry "CAN"]

1. Nf3 d6 2. e4 c5 3. Nc3 e6 4. g3 Nc6 5. Bg2 a6 6. O-O Be7 7. d3 Bd7 8. Be3
Rc8 9. Qd2 Nf6 10. h3 b5 11. g4 h6 12. Rae1 b4 13. Ne2 c4 14. Ng3 cxd3 15. cxd3
Ne5 16. Nd4 a5 17. Nh5 Nxh5 18. gxh5 Nc6 19. Ne2 Bg5 20. f4 Bh4 21. Rd1 Ne7 22.
Nd4 e5 23. Nf3 Bf6 24. d4 Nc6 25. fxe5 dxe5 26. d5 Nb8 27. Rc1 O-O 28. Qf2 Bb5
29. Rxc8 Qxc8 30. Rc1 Qa6 31. Nh4 Bg5 32. Nf5 Bxe3 33. Qxe3 Bd7 34. Ne7+ Kh7
35. Rf1 Qd6 36. Nf5 Bxf5 37. Rxf5 f6 38. Rf2 Rc8 39. Qg3 Na6 40. Bf3 Qb6 41.
Qg6+ Kh8 42. Bg4 Rf8 43. Bf5 Kg8 44. Be6+ Kh8 45. Bf5 Kg8 46. Qh7+ Kf7 47. Bg6+
1-0

[Event "Quebec-ch"]
[Site "Montreal CAN"]
[Date "2006.09.14"]
[Round "6"]
[White "Voskanyan, Vahagn"]
[Black "Masse, Hugues"]
[Result "1-0"]
[WhiteElo "2332"]
[BlackElo "2176"]
[PlyCount "127"]
[EventDate "2006.09.08"]
[EventType "tourn"]
[EventRounds "9"]
[EventCountry "CAN"]

1. c4 Nf6 2. Nf3 g6 3. g3 Bg7 4. Bg2 O-O 5. O-O d5 6. cxd5 Nxd5 7. d4 Nb6 8.
Nc3 Nc6 9. d5 Na5 10. e4 c6 11. dxc6 Nxc6 12. Bf4 Qxd1 13. Raxd1 Nc4 14. Bc1 h6
15. Nd2 Be6 16. Nd5 Nxb2 17. Bxb2 Bxb2 18. Rb1 Bf6 19. Rxb7 Rab8 20. Rc7 Rfc8
21. Rxc8+ Rxc8 22. Rc1 Kf8 23. Nb3 Ne5 24. Rxc8+ Bxc8 25. f4 Nd7 26. e5 Bg7 27.
Nc7 Nb6 28. Nb5 a6 29. Nc7 Na4 30. Bf1 Nc3 31. a3 f6 32. exf6 Bxf6 33. Bxa6 Bd7
34. Bd3 g5 35. Kf1 gxf4 36. gxf4 Bh4 37. Kg2 Bf6 38. Nc5 Bc6+ 39. Kg3 Nd5 40.
Nxd5 Bxd5 41. Nd7+ Kf7 42. Nxf6 Kxf6 43. Kh4 Bf3 44. a4 e5 45. fxe5+ Kxe5 46.
a5 Kd4 47. Bf1 Kc5 48. a6 Kb6 49. Kg3 Bd1 50. Kf4 Ka7 51. h4 Kb6 52. Kf5 Bc2+
53. Kf6 Bd1 54. Kg6 h5 55. Kg5 Ka7 56. Bd3 Kb6 57. Bg6 Kxa6 58. Bxh5 Bc2 59.
Bg4 Kb6 60. h5 Kc6 61. Bf5 Kd6 62. Bxc2 Ke7 63. Bb3 Kf8 64. h6 1-0

[Event "Quebec-ch"]
[Site "Montreal CAN"]
[Date "2006.09.15"]
[Round "7"]
[White "Chabot, Roland"]
[Black "Voskanyan, Vahagn"]
[Result "1-0"]
[WhiteElo "2316"]
[BlackElo "2332"]
[PlyCount "101"]
[EventDate "2006.09.08"]
[EventType "tourn"]
[EventRounds "9"]
[EventCountry "CAN"]

1. d4 d5 2. c4 c6 3. Nc3 Nf6 4. e3 Nbd7 5. cxd5 cxd5 6. Qb3 e6 7. Nf3 Be7 8.
Bd3 O-O 9. O-O b6 10. Bd2 Bb7 11. Rfc1 Ne4 12. Be1 a6 13. a4 Bd6 14. a5 b5 15.
Na2 Re8 16. Nb4 Qf6 17. Rc2 Qh6 18. Nc6 Rac8 19. Rac1 Ng5 20. Nxg5 Qxg5 21. Bb4
Bxb4 22. Qxb4 Bxc6 23. Rxc6 Rxc6 24. Rxc6 Nb8 25. Rc7 Qd8 26. Qc5 g6 27. g3 Rf8
28. Kg2 Kg7 29. h4 Kg8 30. b4 Kg7 31. Rb7 Kg8 32. Qb6 Qc8 33. Rc7 Qd8 34. Be2
h5 35. Bd3 Kg7 36. Qc5 Rh8 37. e4 dxe4 38. Bxe4 Rf8 39. d5 e5 40. d6 Nd7 41.
Qd5 Kh6 42. Qd2+ Kg7 43. Qg5 Qxg5 44. hxg5 Rd8 45. Bd5 e4 46. Ra7 Ne5 47. Rxa6
Nd3 48. Rb6 Nxb4 49. Bxe4 Na2 50. a6 Nc3 51. Bb7 1-0

[Event "Quebec-ch"]
[Site "Montreal CAN"]
[Date "2006.09.15"]
[Round "7"]
[White "Khassanov, Marat"]
[Black "Benoit-Deschamps, Jean-Marc"]
[Result "1-0"]
[WhiteElo "2312"]
[BlackElo "2115"]
[PlyCount "81"]
[EventDate "2006.09.08"]
[EventType "tourn"]
[EventRounds "9"]
[EventCountry "CAN"]

1. e4 c5 2. Nf3 d6 3. d4 cxd4 4. Nxd4 Nf6 5. Nc3 g6 6. Be3 Bg7 7. f3 Nc6 8. Qd2
O-O 9. O-O-O Nxd4 10. Bxd4 Be6 11. Kb1 Qc7 12. g4 Rfc8 13. h4 Qa5 14. a3 Rab8
15. h5 b5 16. hxg6 hxg6 17. g5 b4 18. Nb5 Qa4 19. gxf6 exf6 20. Bd3 bxa3 21. b3
Rxb5 22. Bxb5 Qxb5 23. Qd3 Qb4 24. Ba1 a2+ 25. Kxa2 Rc5 26. Bb2 Qa4+ 27. Kb1
Qc6 28. Qxd6 Qxd6 29. Rxd6 Rc8 30. Rhd1 f5 31. Rd8+ Rxd8 32. Rxd8+ Kh7 33. Bxg7
Kxg7 34. exf5 Bxf5 35. f4 Kf6 36. Rd5 g5 37. fxg5+ Kxg5 38. Ra5 Kf4 39. Rxa7
Be6 40. Re7 Ke5 41. Kc1 1-0

[Event "Quebec-ch"]
[Site "Montreal CAN"]
[Date "2006.09.15"]
[Round "7"]
[White "Ye, Ling Feng"]
[Black "McDonough, Jonathan"]
[Result "1/2-1/2"]
[WhiteElo "2103"]
[BlackElo "2218"]
[PlyCount "77"]
[EventDate "2006.09.08"]
[EventType "tourn"]
[EventRounds "9"]
[EventCountry "CAN"]

1. e4 e6 2. d4 d5 3. Nd2 Be7 4. Ngf3 Nf6 5. e5 Nfd7 6. Bd3 c5 7. c3 b6 8. O-O
Ba6 9. Bxa6 Nxa6 10. Re1 b5 11. dxc5 Naxc5 12. Nb3 Qc7 13. Nxc5 Nxc5 14. Nd4
Rb8 15. Qg4 g5 16. Qe2 a6 17. a3 h5 18. Nf3 Nb3 19. Rb1 Nxc1 20. Rbxc1 Qc4 21.
Qe3 g4 22. Nd4 Rg8 23. Rc2 Bg5 24. f4 gxf3 25. Qxf3 Ke7 26. Rf1 Rg7 27. Kh1 Rh8
28. Rcf2 Rh6 29. Qh3 Qc8 30. Qd3 Qc4 31. Qh3 Rhg6 32. Qxh5 Be3 33. Rf3 Bxd4 34.
Qh4+ Ke8 35. Qxd4 Qxd4 36. cxd4 Rxg2 37. Rxf7 Rxh2+ 38. Kxh2 Rxf7 39. Rxf7
1/2-1/2

[Event "Quebec-ch"]
[Site "Montreal CAN"]
[Date "2006.09.16"]
[Round "8"]
[White "Chabot, Roland"]
[Black "Ye, Ling Feng"]
[Result "1/2-1/2"]
[WhiteElo "2316"]
[BlackElo "2103"]
[PlyCount "46"]
[EventDate "2006.09.08"]
[EventType "tourn"]
[EventRounds "9"]
[EventCountry "CAN"]

1. d4 Nf6 2. c4 g6 3. Nc3 d5 4. Bg5 Ne4 5. Bh4 Nxc3 6. bxc3 dxc4 7. e3 Bg7 8.
Bxc4 O-O 9. Qf3 c5 10. Ne2 cxd4 11. exd4 Qc7 12. Bb3 Nc6 13. O-O b5 14. Rfe1
Bb7 15. Qd3 b4 16. Rad1 bxc3 17. Nxc3 e6 18. Ne4 Nxd4 19. Nf6+ Bxf6 20. Bxf6
Nxb3 21. axb3 Qf4 22. Bb2 Qg5 23. f3 Rac8 1/2-1/2

[Event "Quebec-ch"]
[Site "Montreal CAN"]
[Date "2006.09.16"]
[Round "8"]
[White "McDonough, Jonathan"]
[Black "Khassanov, Marat"]
[Result "0-1"]
[WhiteElo "2218"]
[BlackElo "2312"]
[PlyCount "48"]
[EventDate "2006.09.08"]
[EventType "tourn"]
[EventRounds "9"]
[EventCountry "CAN"]

1. d4 Nf6 2. c4 e6 3. g3 d5 4. Nf3 dxc4 5. Bg2 c6 6. Ne5 Bb4+ 7. Nc3 Nd5 8. Bd2
Nb6 9. Ne4 Be7 10. Ba5 O-O 11. Nxc4 c5 12. Nxb6 axb6 13. Bc3 f5 14. e3 fxe4 15.
Bxe4 Nd7 16. g4 Bh4 17. O-O Nf6 18. Bd3 cxd4 19. Bxd4 e5 20. Bxe5 Nxg4 21. Bd6
Bxf2+ 22. Kh1 Be6 23. Bxf8 Qd5+ 24. e4 Qe5 0-1

[Event "Quebec-ch"]
[Site "Montreal CAN"]
[Date "2006.09.17"]
[Round "9"]
[White "Khassanov, Marat"]
[Black "Chabot, Roland"]
[Result "1-0"]
[WhiteElo "2312"]
[BlackElo "2316"]
[PlyCount "87"]
[EventDate "2006.09.08"]
[EventType "tourn"]
[EventRounds "9"]
[EventCountry "CAN"]

1. e4 c5 2. c3 Nf6 3. e5 Nd5 4. d4 cxd4 5. cxd4 d6 6. Bc4 Nb6 7. Bb5+ Nc6 8.
Nf3 dxe5 9. Nxe5 Bd7 10. Nxd7 Qxd7 11. Nc3 e6 12. O-O a6 13. Bxc6 bxc6 14. Qg4
f5 15. Qe2 Bd6 16. Re1 Kf7 17. Qh5+ g6 18. Qf3 Qc7 19. Ne4 h6 20. Nxd6+ Qxd6
21. Bf4 Qd5 22. Qh3 Nd7 23. Be5 Nxe5 24. Rxe5 Qxd4 25. Rae1 Rab8 26. Rxe6 Rhe8
27. Rxe8 Rxe8 28. Qb3+ Kf8 29. Rxe8+ Kxe8 30. h3 Qd2 31. Qe6+ Kd8 32. g3 Kc7
33. Qxg6 Qxb2 34. Qxh6 Qxa2 35. Qf4+ Kb7 36. Qxf5 Qa1+ 37. Kg2 a5 38. h4 a4 39.
h5 Qb2 40. h6 a3 41. Qf7+ Kb6 42. Qf8 Qc1 43. h7 a2 44. Qb8+ 1-0